Statistics for 10 biggest cities of Switzerland

Click here to take the quiz!

General Stats

  • This quiz has been taken 38 times
  • The average score is 6 of 10

Answer Stats

PopulationAnswer% Correct
200.548Geneva
97%
133.798Bern
97%
409.241Zurich
95%
171.513Basel
76%
138.905Lausanne
71%
63.494Lugano
47%
81.401Luzern
32%
75.522St. Gallen
32%
110.912Winterthur
29%
54.640Biel
16%

Score Distribution

Percentile by Number Answered

Percent of People with Each Score

Your Score History

You have not taken this quiz